<?xml version="1.0" encoding="UTF-8"?>
<record
    xmlns:xsi="http://www.w3.org/2001/XMLSchema-instance"
    xsi:schemaLocation="http://www.loc.gov/MARC21/slim http://www.loc.gov/standards/marcxml/schema/MARC21slim.xsd"
    xmlns="http://www.loc.gov/MARC21/slim">

  <leader>02008nam0a22003851  4500</leader>
  <controlfield tag="001">v19\rc\1827465</controlfield>
  <controlfield tag="005">20250619135213.0</controlfield>
  <datafield tag="035" ind1=" " ind2=" ">
    <subfield code="a">(NLR Aleph) 004923902</subfield>
  </datafield>
  <datafield tag="090" ind1=" " ind2=" ">
    <subfield code="a">5607475</subfield>
    <subfield code="c">5607475</subfield>
  </datafield>
  <datafield tag="100" ind1=" " ind2=" ">
    <subfield code="a">20071224d1908    |||y0rusy50      ca</subfield>
  </datafield>
  <datafield tag="101" ind1="0" ind2=" ">
    <subfield code="a">rus</subfield>
  </datafield>
  <datafield tag="102" ind1=" " ind2=" ">
    <subfield code="a">RU</subfield>
  </datafield>
  <datafield tag="105" ind1=" " ind2=" ">
    <subfield code="a">a   z   |||||</subfield>
  </datafield>
  <datafield tag="200" ind1="1" ind2=" ">
    <subfield code="a">&#x41A;&#x443;&#x440;&#x441; &#x44D;&#x43B;&#x435;&#x43C;&#x435;&#x43D;&#x442;&#x430;&#x440;&#x43D;&#x43E;&#x439; &#x441;&#x442;&#x430;&#x442;&#x438;&#x441;&#x442;&#x438;&#x43A;&#x438;</subfield>
    <subfield code="e">&#x41F;&#x43E;&#x441;&#x43E;&#x431;&#x438;&#x435; &#x43A; &#x43B;&#x435;&#x43A;&#x446;&#x438;&#x44F;&#x43C;. &#x427;. 1</subfield>
    <subfield code="f">&#x410;.&#x41D;. &#x410;&#x43D;&#x446;&#x44B;&#x444;&#x435;&#x440;&#x43E;&#x432;</subfield>
  </datafield>
  <datafield tag="210" ind1=" " ind2=" ">
    <subfield code="a">&#x425;&#x430;&#x440;&#x44C;&#x43A;&#x43E;&#x432;</subfield>
    <subfield code="c">&#x442;&#x438;&#x43F;. &#x410;&#x434;&#x43E;&#x43B;&#x44C;&#x444;&#x430; &#x414;&#x430;&#x440;&#x440;&#x435;</subfield>
    <subfield code="d">1908</subfield>
  </datafield>
  <datafield tag="215" ind1=" " ind2=" ">
    <subfield code="a">331 &#x441;.</subfield>
    <subfield code="c">&#x442;&#x430;&#x431;&#x43B;., &#x434;&#x438;&#x430;&#x433;&#x440;. &#x432; &#x442;&#x435;&#x43A;&#x441;&#x442;&#x435; &#x438; &#x43D;&#x430; &#x43E;&#x442;&#x434;. &#x43B;.</subfield>
    <subfield code="d">25</subfield>
  </datafield>
  <datafield tag="300" ind1=" " ind2=" ">
    <subfield code="a">&#x412;&#x43C;&#x435;&#x441;&#x442;&#x43E; &#x440;&#x443;&#x43A;&#x43E;&#x43F;&#x438;&#x441;&#x438;</subfield>
  </datafield>
  <datafield tag="300" ind1=" " ind2=" ">
    <subfield code="a">&#x412;&#x44B;&#x448;&#x43B;&#x430; &#x442;&#x43E;&#x43B;&#x44C;&#x43A;&#x43E; &#x447;. 1</subfield>
  </datafield>
  <datafield tag="311" ind1=" " ind2=" ">
    <subfield code="a">&#x41F;&#x440;&#x438;&#x43B;.: &#x41A;&#x440;&#x430;&#x442;&#x43A;&#x438;&#x439; &#x43E;&#x431;&#x437;&#x43E;&#x440; &#x434;&#x430;&#x43D;&#x43D;&#x44B;&#x445; &#x43C;&#x435;&#x436;&#x434;&#x443;&#x43D;&#x430;&#x440;&#x43E;&#x434;&#x43D;&#x43E;&#x439; &#x441;&#x442;&#x430;&#x442;&#x438;&#x441;&#x442;&#x438;&#x43A;&#x438; &#x43F;&#x43E; &#x434;&#x438;&#x43D;&#x430;&#x43C;&#x438;&#x43A;&#x435; &#x43D;&#x430;&#x441;&#x435;&#x43B;&#x435;&#x43D;&#x438;&#x44F; (&#x448;&#x438;&#x444;&#x440;: 37.3.7.13(2))</subfield>
  </datafield>
  <datafield tag="320" ind1=" " ind2=" ">
    <subfield code="a">&#x411;&#x438;&#x431;&#x43B;&#x438;&#x43E;&#x433;&#x440;.: "&#x423;&#x43A;&#x430;&#x437;&#x430;&#x442;&#x435;&#x43B;&#x44C; &#x432;&#x430;&#x436;&#x43D;&#x435;&#x439;&#x448;&#x438;&#x445; &#x43F;&#x43E;&#x441;&#x43E;&#x431;&#x438;&#x439; &#x43F;&#x440;&#x438; &#x438;&#x437;&#x443;&#x447;&#x435;&#x43D;&#x438;&#x438; &#x441;&#x442;&#x430;&#x442;&#x438;&#x441;&#x442;&#x438;&#x43A;&#x438;" (&#x441;. 321-323)</subfield>
  </datafield>
  <datafield tag="421" ind1=" " ind2="0">
    <subfield code="1">1010#$arus</subfield>
    <subfield code="1">2001#$a&#x41F;&#x440;&#x438;&#x43B;.: &#x41A;&#x440;&#x430;&#x442;&#x43A;&#x438;&#x439; &#x43E;&#x431;&#x437;&#x43E;&#x440; &#x434;&#x430;&#x43D;&#x43D;&#x44B;&#x445; &#x43C;&#x435;&#x436;&#x434;&#x443;&#x43D;&#x430;&#x440;&#x43E;&#x434;&#x43D;&#x43E;&#x439; &#x441;&#x442;&#x430;&#x442;&#x438;&#x441;&#x442;&#x438;&#x43A;&#x438; &#x43F;&#x43E; &#x434;&#x438;&#x43D;&#x430;&#x43C;&#x438;&#x43A;&#x435; &#x43D;&#x430;&#x441;&#x435;&#x43B;&#x435;&#x43D;&#x438;&#x44F;</subfield>
    <subfield code="1">215##$a[2], 32 &#x441;.$c&#x442;&#x430;&#x431;&#x43B;., &#x434;&#x438;&#x430;&#x433;&#x440;.</subfield>
    <subfield code="1">899##$aNLR$j37.3.7.13(2)</subfield>
    <subfield code="1">899##$aRuMoRGB$jU 16/606</subfield>
    <subfield code="1">899##$aRuMoRGB$jU 483/128</subfield>
    <subfield code="1">899##$a&#x411;&#x410;&#x41D;</subfield>
    <subfield code="1">899##$a&#x41D;&#x411; &#x421;&#x41F;&#x431;&#x413;&#x423;</subfield>
    <subfield code="1">899##$a&#x41D;&#x411; &#x41C;&#x413;&#x423;</subfield>
    <subfield code="t">&#x41F;&#x440;&#x438;&#x43B;.: &#x41A;&#x440;&#x430;&#x442;&#x43A;&#x438;&#x439; &#x43E;&#x431;&#x437;&#x43E;&#x440; &#x434;&#x430;&#x43D;&#x43D;&#x44B;&#x445; &#x43C;&#x435;&#x436;&#x434;&#x443;&#x43D;&#x430;&#x440;&#x43E;&#x434;&#x43D;&#x43E;&#x439; &#x441;&#x442;&#x430;&#x442;&#x438;&#x441;&#x442;&#x438;&#x43A;&#x438; &#x43F;&#x43E; &#x434;&#x438;&#x43D;&#x430;&#x43C;&#x438;&#x43A;&#x435; &#x43D;&#x430;&#x441;&#x435;&#x43B;&#x435;&#x43D;&#x438;&#x44F;</subfield>
  </datafield>
  <datafield tag="532" ind1="1" ind2="3">
    <subfield code="a">&#x41A;&#x443;&#x440;&#x441; &#x44D;&#x43B;&#x435;&#x43C;&#x435;&#x43D;&#x442;&#x430;&#x440;&#x43D;&#x43E;&#x439; &#x441;&#x442;&#x430;&#x442;&#x438;&#x441;&#x442;&#x438;&#x43A;&#x438;</subfield>
  </datafield>
  <datafield tag="700" ind1=" " ind2="1">
    <subfield code="a">&#x410;&#x43D;&#x446;&#x44B;&#x444;&#x435;&#x440;&#x43E;&#x432;</subfield>
    <subfield code="b">&#x410;.&#x41D;.</subfield>
    <subfield code="f">1867-1943</subfield>
    <subfield code="g">&#x410;&#x43B;&#x435;&#x43A;&#x441;&#x435;&#x439; &#x41D;&#x438;&#x43A;&#x43E;&#x43B;&#x430;&#x435;&#x432;&#x438;&#x447;</subfield>
  </datafield>
  <datafield tag="801" ind1=" " ind2="0">
    <subfield code="a">RU</subfield>
    <subfield code="b">NLR</subfield>
    <subfield code="g">psbo</subfield>
  </datafield>
  <datafield tag="801" ind1=" " ind2="0">
    <subfield code="a">RU</subfield>
    <subfield code="b">RuMoRGB</subfield>
    <subfield code="2">psbo</subfield>
  </datafield>
  <datafield tag="801" ind1=" " ind2="1">
    <subfield code="a">RU</subfield>
    <subfield code="b">ProSoft-M</subfield>
    <subfield code="2">rusmarc</subfield>
  </datafield>
  <datafield tag="852" ind1=" " ind2=" ">
    <subfield code="a">NLR</subfield>
    <subfield code="j">37.3.7.13(1)</subfield>
  </datafield>
  <datafield tag="899" ind1=" " ind2=" ">
    <subfield code="a">RuMoRGB</subfield>
    <subfield code="j">U 16/606</subfield>
  </datafield>
  <datafield tag="899" ind1=" " ind2=" ">
    <subfield code="a">RuMoRGB</subfield>
    <subfield code="j">U 483/128</subfield>
  </datafield>
  <datafield tag="899" ind1=" " ind2=" ">
    <subfield code="a">&#x411;&#x410;&#x41D;</subfield>
  </datafield>
  <datafield tag="899" ind1=" " ind2=" ">
    <subfield code="a">&#x41D;&#x411; &#x421;&#x41F;&#x431;&#x413;&#x423;</subfield>
  </datafield>
  <datafield tag="899" ind1=" " ind2=" ">
    <subfield code="a">&#x41D;&#x411; &#x41C;&#x413;&#x423;</subfield>
  </datafield>
  <datafield tag="942" ind1=" " ind2=" ">
    <subfield code="c">BOOK</subfield>
  </datafield>
  <datafield tag="980" ind1=" " ind2=" ">
    <subfield code="a">NB</subfield>
  </datafield>
  <datafield tag="995" ind1=" " ind2=" ">
    <subfield code="5">2013-10-26</subfield>
    <subfield code="b">NLR02</subfield>
    <subfield code="c">NLR02</subfield>
    <subfield code="e">RFS</subfield>
    <subfield code="f">4923902-10</subfield>
    <subfield code="k">37.3.7.13(1)</subfield>
    <subfield code="o">0</subfield>
    <subfield code="r">BOOK</subfield>
    <subfield code="s">3737131_</subfield>
  </datafield>
  <datafield tag="995" ind1=" " ind2=" ">
    <subfield code="5">2013-10-26</subfield>
    <subfield code="b">NLR01</subfield>
    <subfield code="c">NLR01</subfield>
    <subfield code="e">TEMP</subfield>
    <subfield code="f">4923902-40</subfield>
    <subfield code="o">0</subfield>
    <subfield code="r">BOOK</subfield>
  </datafield>
  <datafield tag="995" ind1=" " ind2=" ">
    <subfield code="5">2013-10-26</subfield>
    <subfield code="b">NLR01</subfield>
    <subfield code="c">NLR01</subfield>
    <subfield code="e">TEMP</subfield>
    <subfield code="f">4923902-50</subfield>
    <subfield code="o">0</subfield>
    <subfield code="r">BOOK</subfield>
  </datafield>
  <datafield tag="995" ind1=" " ind2=" ">
    <subfield code="5">2013-10-26</subfield>
    <subfield code="b">NLR01</subfield>
    <subfield code="c">NLR01</subfield>
    <subfield code="e">TEMP</subfield>
    <subfield code="f">4923902-60</subfield>
    <subfield code="o">0</subfield>
    <subfield code="r">BOOK</subfield>
  </datafield>
</record>
